| 000 | 00480nam a2200157 a 4500 | ||
|---|---|---|---|
| 001 | 000026524 | ||
| 005 | 20200930030252.0 | ||
| 008 | 110322s1972 dr 000 0 spa d | ||
| 040 |
_aDO-SdBNP _bspa _cBNPHU |
||
| 100 | 1 |
_aLavastre, Basilio _953608 |
|
| 245 | 1 | 0 | _aElementos de matemáticas superiores /. |
| 260 |
_aSanto Domingo : _bEditora De la Salle, _c1972. _fEditora Amigo del Hogar |
||
| 300 |
_a317 p. : _bil. ; _c21 cm. |
||
| 700 | 1 |
_aBasilio Lavastre _953609 |
|
| 049 | _aBNPD | ||
| 999 |
_c26016 _d26016 |
||